Fr. Conceicao Rodrigues College of Engineering

Workshop Calculations & Science (Record no. 29402)

MARC details
000 -LEADER
fixed length control field 00301nam a2200145Ia 4500
082 ## - DEWEY DECIMAL CLASSIFICATION NUMBER
Classification number 500
100 ## - MAIN ENTRY--PERSONAL NAME
Personal name Gupta/ A.
245 ## - TITLE STATEMENT
Title Workshop Calculations & Science
260 ## - PUBLICATION, DISTRIBUTION, ETC.
Name of publisher, distributor, etc. New Heights
Place of publication, distribution, etc. Delhi
Date of publication, distribution, etc. 1977
300 ## - PHYSICAL DESCRIPTION
Extent 104
490 ## - SERIES STATEMENT
Volume/sequential designation I
546 ## - LANGUAGE NOTE
Language note ENGLISH
654 ## - SUBJECT ADDED ENTRY--FACETED TOPICAL TERMS
Focus term Calculations
942 ## - ADDED ENTRY ELEMENTS (KOHA)
Koha item type BOOK
Holdings
Withdrawn status Lost status Damaged status Not for loan Collection Home library Current library Date acquired Cost, normal purchase price Inventory number Total Checkouts Full call number Barcode Date last seen Cost, replacement price Price effective from Koha item type
        AFT Fr. Agnel's C.Rodrigues College of Engineering Fr. Agnel's C.Rodrigues College of Engineering 17/03/2023 6.25 T-743   500 AFT2261 17/03/2023 6.25 17/03/2023 BOOK